Theo James Filmography - Statistics

General Stats
  • This quiz has been taken 5 times
  • The average score is 5 of 45
Answer Stats
Type Year Name % Correct
Film 2014 Divergent
100%
Film 2015 Insurgent
100%
Film 2016 Allegiant
50%
Video Game 2016 Allegiant: VR Experience
50%
Web Series 2024 The Gentlemen
50%
Film 2011 The Inbetweeners
50%
Film 2025 The Monkey
50%
TV Mini-Series 2010 A Passionate Woman
0%
Film 2020 Archive
0%
Film 2018 Backstabbing for Beginners
0%
TV Show 2011 Bedlam
0%
TV Show 2012 Case Sensitive
0%
Web Series 2018-2021 Castlevania
0%
Theater 2020 City of Angels
0%
Podcast 2023 David Copperfield
0%
TV Show 2010 Downton Abbey
0%
Film 2022 Dual
0%
Film TBA Fuze
0%
TV Show 2013 Golden Boy
0%
Film 2018 How It Ends
0%
Commercial 2015-2016 Hugo Boss
0%
Film 2018 London Fields
0%
Film 2019 Lying and Stealing
0%
Film 2022 Mr. Malcolm's List
0%
TV Mini-Series 2012 Room at the Top
0%
TV Show 2019-2022 Sanditon
0%
Theater 2017 Sex with Strangers
0%
Film 2015 The Benefactor
0%
Film TBA The Bookie & the Bruiser
0%
Web Series 2019 The Dark Crystal: Age of Resistance
0%
Film 2012 The Domino Effect
0%
Film TBA The Hole
0%
Theater 2009 The Man of Mode
0%
Film 2016 The Secret Scripture
0%
TV Show 2022 The Time Traveler's Wife
0%
Film 2018 The War of the Worlds: The Musical Drama
0%
TV Show 2022 The White Lotus
0%
Web Series 2019 The Witcher
0%
Film 2021 The Witcher: Nightmare of the Wolf
0%
Film 2012 Underworld: Awakening
0%
Film 2016 Underworld: Blood Wars
0%
Film 2016 War on Everyone
0%
Web Series 2024 X-Men '97
0%
Film 2010 You Will Meet a Tall Dark Stranger
0%
Film 2018 Zoe
0%
No matching quizzes found
Score Distribution
Percent of People with Each Score
Percentile by Number Answered
Your Score History
You have not taken this quiz